000
00324pam a2200133a 44500
008
230405s2023 xxu||||| |||| 00| 0 eng d
041
_a
ENG
100
_a
Chatterji
245
_a
Competition Law In India
250
_a
2017 Ed.
260
_a
Allahabad
_b
Allahabad Law Agency
_c
2023
300
_a
1-459 P.p.
906
_a
3778
999
_c
274752
_d
274752